| 000 | 01256nam a2200241Ia 4500 | ||
|---|---|---|---|
| 003 | Ost | ||
| 005 | 20260507075803.0 | ||
| 008 | 260507s9999||||xx |||||||||||||| ||und|| | ||
| 020 | _a9789957244040 | ||
| 040 | _cfsecg | ||
| 041 | _aara | ||
| 082 | _a657.45 | ||
| 100 |
_aجمعة، أحمد حلمي _eمؤلف |
||
| 245 | 0 |
_aالمدخل إلى التدقيق والتأكيد وفقا للمعايير الدولية للتدقيق / _c أحمد حلمي جمعة |
|
| 250 | _aطبعة 2 | ||
| 260 |
_aعمان: _bدار صفاء للنشر والتوزيع, _c2015 |
||
| 300 |
_a605 صفحة؛ _bإيضاحات ؛ _c24 سم |
||
| 504 | _aبيبليوغرافيا: ص ص.593-605 | ||
| 520 | _aيتناول الكتاب الإطار الدولي، إطار ممارسة المهنة، أخلاقيات ممارسة المهنة، تطور الأهداف العامة والمسؤوليات، تحديد وتقييم مخاطر الأخطاء الجوهرية، التخطيط والتوثيق، أدلة ونتائج التدقيق؟، أدلة التدقيق، جمع أدلة التدقيق، نتائج وتقارير التدقيق. | ||
| 653 | _aالإدارة- تدقيق | ||
| 653 | _aمراجعة الحسابات | ||
| 942 | _cكتاب | ||
| 999 |
_c46316 _d46316 |
||